Statistics for Name the Animal #2 [HARD]

Click here to take the quiz!

General Stats

  • This quiz has been taken 24 times
  • The average score is 10 of 16

Answer Stats

Answer% Correct
Hummingbird
95%
KomodoDragon
95%
Emu
89%
Swordfish
89%
Rattlesnake
84%
Cougar
74%
ElephantSeal
68%
Honeybadger
58%
Sunfish
53%
BaskingShark
47%
Heron
47%
Salamander
47%
PrairieDog
42%
Oryx
37%
Opposum
26%
Tegu
16%

Score Distribution

Percentile by Number Answered

Percent of People with Each Score

Your Score History

You have not taken this quiz